Escritoras chilenas: Críticas literarias (Estudio, antología y bibliografía).
Saved in:
| Main Author: | |
|---|---|
| Other Authors: | |
| Format: | Book |
| Language: | Spanish |
| Published: |
Santiago, Chile:
Cuarto Propio,
1998.
|
| Edition: | 1a. edición. |
| Series: | Ensayo.
|
| Subjects: | |
| Tags: |
Add Tag
No Tags, Be the first to tag this record!
|
MARC
| LEADER | 00000nam a2200000 a 4500 | ||
|---|---|---|---|
| 001 | UCJ0062 | ||
| 003 | CL-VaPUC | ||
| 005 | 20241119100839.0 | ||
| 008 | 060623e19980000CL |||||||||||||||||spa|d | ||
| 999 | |c 317049 |d 317047 | ||
| 020 | |a 9562601196X (Obra completa) | ||
| 020 | |a 956260120X (v.2) | ||
| 040 | |c Pontificia Universidad Católica de Valparaíso | ||
| 082 | 0 | 4 | |a Ch860.9 PIN 1998 |2 21 |
| 100 | |a Pinto, Patricia |e editora |9 893970 | ||
| 245 | 1 | 0 | |a Escritoras chilenas: |b Críticas literarias (Estudio, antología y bibliografía). |
| 250 | |a 1a. edición. | ||
| 260 | |a Santiago, Chile: |b Cuarto Propio, |c 1998. | ||
| 300 | |a Volumen 2. | ||
| 490 | 0 | |a Ensayo. | |
| 500 | |a c.2 Volumen 2: Donación. Memo EDU. 4-11-2024. | ||
| 500 | |a Contiene dedicatoria: "Querida Haydée: Otro de nuestros sueños compartidos que se hace realidad. Esperamos seguir por el mismo camino. Patricia y Benjamín. Pucón, noviembre, 2000." | ||
| 583 | |a last modification |c 20130305 01:08:57 |k Rodrigo Vera | ||
| 650 | 0 | |a Literatura chilena |9 308278 |x Mujeres escritoras |v Crítica e interpretación | |
| 650 | 0 | |a Mujeres chilenas |9 509818 |v Crítica literaria |y Siglos 19-20 | |
| 700 | |a Rojas, Benjamín |e editor |9 893971 | ||
| 942 | |c BK |2 ddc | ||
| 945 | |d 20060623 00:00:00 |a jtorresc | ||
| 952 | |0 0 |1 4 |4 0 |6 CH_860_900000000000000_PIN_1998 |7 0 |8 A |9 392789 |a FDOPOS |b BIBEDU |d 2019-11-22 |h v.2 |i 417710K |l 1 |o Ch860.9 PIN 1998 |p 417710K |r 2023-08-01 |s 2023-08-01 |w 2019-11-22 |y BK |k MLH | ||
| 952 | |0 0 |1 0 |2 ddc |4 0 |6 CH_860_900000000000000_PIN_1998 |7 0 |8 A |9 598116 |a BIBEDU |b BIBEDU |d 2024-11-19 |e Donación |h v.2 |i 5663248 |o Ch860.9 PIN 1998 |p 5663248 |r 2024-11-19 |t 2 |w 2024-11-19 |y BK |k EDU | ||